Catálogo
 En Linea

Discurso pronunciado por el generalísimo Rafael Leónidas Trujillo Molina benefactor de la patria y padre de la patria nueva, en la inaguración del moderno hospital "Miguel Brioso Bustillos" en la Base Aérea "Presidente Trujillo" de San Isidro, el 28 de diciembre de 1958 : (Registro nro. 29002)

Detalles MARC
000 -CABECERA
campo de control de longitud fija 00646nam a2200145 a 4500
001 - NÚMERO DE CONTROL
campo de control 000029510
005 - FECHA Y HORA DE LA ÚLTIMA TRANSACCIÓN
campo de control 20200930055613.0
008 - DATOS DE LONGITUD FIJA--INFORMACIÓN GENERAL
campo de control de longitud fija 091123s1959 dr c 001 s spa d
040 ## - FUENTE DE LA CATALOGACIÓN
Centro catalogador/agencia de origen DO-SdBNP
Lengua de catalogación spa
Centro/agencia transcriptor BNPHU
082 ## - NÚMERO DE LA CLASIFICACIÓN DECIMAL DEWEY
Número de clasificación xxxx
Número de documento/Ítem D611g
049 ## - FONDOS LOCALES (OCLC)
Fondos de biblioteca BNPD
245 00 - MENCIÓN DE TÍTULO
Título Discurso pronunciado por el generalísimo Rafael Leónidas Trujillo Molina benefactor de la patria y padre de la patria nueva, en la inaguración del moderno hospital "Miguel Brioso Bustillos" en la Base Aérea "Presidente Trujillo" de San Isidro, el 28 de diciembre de 1958 :
Resto del título 1538-1938.
260 ## - PUBLICACIÓN, DISTRIBUCIÓN, ETC.
Lugar de publicación, distribución, etc. Ciudad Trujillo :
Nombre del editor, distribuidor, etc. Editora del Caribe,
Fecha de publicación, distribución, etc. 1959.
300 ## - DESCRIPCIÓN FÍSICA
Extensión 12 P. : ;
Dimensiones 23 cm.
Existencias
Estado de retiro Estado de pérdida No para préstamo Código de colección Localización permanente Ubicación/localización actual Ubicación en estantería Fecha de adquisición Número de inventario Total de préstamos Signatura topográfica completa Código de barras Fecha visto por última vez Precio válido a partir de Tipo de ítem Koha
    Excluido de préstamo Patrimonio Dominicano Patrimonio Dominicano Patrimonio Dominicano En catalogación 18.04.2011 LF1   xxxx D611g 29510-10 25.06.2020 25.06.2020 Libro y Folleto Colección Patrimonio Dominicano

Con tecnología Koha